Madri : dal complesso di Edipo alle madri reali /

Saved in:
Bibliografiske detaljer
Hovedforfatter: Casadio, Luca, (1965- )
Andre forfattere: Giuliani, Massimo, (1963- )
Format: Bog
Sprog:italiensk
Udgivet: Roma : Castelvecchi, 2015
Serier:Le polene
Tags: Tilføj Tag
Ingen Tags, Vær først til at tagge denne postø!

MARC

LEADER 00000nam a22000007i 4500
001 IT\ICCU\RML\0441583
003 ItRI
005 20240403200752.0
008 190513s2015 it |||||| ||||| |||||c
020 |a 9788869444029 
040 |b ita  |c GP 
041 7 |a ita  |2 ISO-639-2 
100 1 |a Casadio, Luca,  |d  (1965- )  |0 IT\ICCU\UBOV\778697 
245 1 0 |a Madri :  |b dal complesso di Edipo alle madri reali /  |c Luca Casadio, Massimo Giuliani. 
260 |a Roma :  |b Castelvecchi,  |c 2015 
300 |a 190 p. ;  |c 22 cm 
700 1 |a Giuliani, Massimo,  |d  (1963- )  |0 IT\ICCU\SBNV\014673 
830 3 |a Le polene  |0 IT\ICCU\UBO\4079601 
942 |2 ddc  |c BK 
952 |0 0  |1 0  |2 ddc  |4 0  |6 155_646300000000000_CAS  |7 1  |9 1189  |a RM  |b RM  |d 2024-04-03  |l 0  |o 155.6463 CAS  |p 735  |r 2024-04-03 20:08:38  |w 2024-04-03  |y BK 
981 1 |6 z01  |a i   |b xxxe  
982 1 |6 z01  |a n 
999 |c 1092  |d 1092